| 000 | 01074nam a2200325 i 4500 | ||
|---|---|---|---|
| 001 | 12342 | ||
| 003 | KOSZ 005 | ||
| 005 | 20220318130733.0 | ||
| 008 | 070930s1968 pl a f 001 0 pol | ||
| 015 | _aPB 1968/7032 | ||
| 040 |
_aWA N _cWA N _dKOSZ 005/ID _dKOSZ 005/HR |
||
| 080 | _a621.313/.314 | ||
| 080 | _a537.8 | ||
| 100 | 1 |
_aTurowski, Janusz _d(1927- ) _eAutor |
|
| 245 | 1 | 0 |
_aElektrodynamika techniczna / _cJanusz Turowski. |
| 260 |
_aWarszawa : _bWydawnictwa Naukowo-Techniczne, _c1968. |
||
| 300 |
_a364, [1] s. : _bil. ; _c25 cm. |
||
| 380 | _aKsiążki | ||
| 388 | _a1901-2000 | ||
| 388 | _a1945-1989 | ||
| 504 | _aBibliogr. s. 353-[360]. Indeks. | ||
| 650 | 4 | _aElektroenergetyka | |
| 650 | 4 | _aUrządzenia | |
| 650 | 4 | _aPole elektromagnetyczne | |
| 655 | 4 | _aPodręczniki akademickie | |
| 658 | _aInżynieria i technika | ||
| 710 | 2 |
_aWydawnictwa Naukowo-Techniczne _4pbl. |
|
| 856 |
_uhttps://koha.tu.koszalin.pl/cgi-bin/koha/opac-detail.pl?biblionumber=12342 _yKatalog online BPK |
||
| 942 |
_2UKD _cKS |
||
| 999 |
_c12342 _d12342 |
||